Sports Quiz

Random Sports or NFL Quiz

NFL Starting Quarterbacks 2009 Quiz Stats

 Plays Quiz not verified by Sporcle

Challenge
Share
Tweet
Embed
Score 0/32 Timer 04:00
0 Plays Today
Team Name Quarterback % Correct
New England PatriotsTom Brady
99.4%
New York GiantsEli Manning
98.1%
Indianapolis ColtsPeyton Manning
97.8%
Philadelphia EaglesDonovan McNabb
95.9%
New York JetsMark Sanchez
95.6%
Dallas CowboysTony Romo
95.6%
Minnesota VikingsBrett Favre
95.6%
Cincinnati BengalsCarson Palmer
94.3%
New Orleans SaintsDrew Brees
94%
Chicago BearsJay Cutler
93.4%
Tennessee TitansKerry Collins/Vince Young
93.1%
Arizona CardinalsKurt Warner
92.5%
Pittsburgh SteelersBen Roethlisberger
92.1%
San Diego ChargersPhillip Rivers
91.8%
Green Bay PackersAaron Rodgers
91.8%
Cleveland BrownsDerek Anderson/Brady Quinn
91.5%
Team Name Quarterback % Correct
Denver BroncosKyle Orton
91.2%
Baltimore RavensJoe Flacco
90.9%
Atlanta FalconsMatt Ryan
90.9%
Carolina PanthersJake Delhomme
89%
Detriot LionsMatthew Stafford
88.7%
Oakland RaidersJaMarcus Russell
88.1%
Seattle SeahawksMatt Hasselbeck
87.7%
Washington RedskinsJason Campbell
87.1%
Houston TexansMatt Schaub
85.5%
San Francisco 49ersShaun Hill/Alex Smith
85.5%
Miami DolphinsChad Henne
85.2%
Kansas City ChiefsMatt Cassel
85.2%
St. Louis RamsMarc Bulger
83%
Jacksonville JaguarsDavid Garrard
82.7%
Buffalo BillsTrent Edwards
79.2%
Tampa Bay BuccaneersJosh Johnson/Josh Freeman
75.5%

You're not logged in!

Compare scores with friends on all Sporcle quizzes.
Join for Free
OR
Log In

You Might Also Like...

Show Comments

Extras

Top Quizzes Today


Score Distribution

Your Account Isn't Verified!

In order to create a playlist on Sporcle, you need to verify the email address you used during registration. Go to your Sporcle Settings to finish the process.

Report this User

Report this user for behavior that violates our Community Guidelines.

Details: